Too hot to handle? (Record no. 78033)

MARC details
000 -LEADER
fixed length control field 00834cab a22002175a 4500
001 - CONTROL NUMBER
control field L135842
008 - FIXED-LENGTH DATA ELEMENTS--GENERAL INFORMATION
fixed length control field 061213e20061110xxk f 000 0 eng d
035 ## - SYSTEM CONTROL NUMBER
System control number (Sirsi) u135842
041 0# - LANGUAGE CODE
Language code of text/sound track or separate title eng
100 1# - MAIN ENTRY--PERSONAL NAME
Personal name Smith, Howard
245 00 - TITLE STATEMENT
Title Too hot to handle?
260 ## - PUBLICATION, DISTRIBUTION, ETC.
Date of publication, distribution, etc. 2006
490 #0 - SERIES STATEMENT
Series statement New Law Journal
Volume/sequential designation 156(7248) 10 November 2006, 1708-1709 (2)
520 ## - SUMMARY, ETC.
Summary, etc. Provides an outline of the contaminated land regime and case law on retrospective and successor liabilities, arguing that it is the developer as well as the polluter who will be held responsible for any risk.
590 ## - LOCAL NOTE (RLIN)
Local note KA
650 ## - SUBJECT ADDED ENTRY--TOPICAL TERM
Topical term or geographic name entry element ENVIRONMENTAL PROTECTION ACT 1990 PART IIA
651 ## - SUBJECT ADDED ENTRY--GEOGRAPHIC NAME
Geographic name United Kingdom
Chronological subdivision
690 ## - LOCAL SUBJECT ADDED ENTRY--TOPICAL TERM (OCLC, RLIN)
Topical term or geographic name as entry element PROPERTY-RURAL AND NATURAL ASSETS-RURAL AND NATURAL ASSET MANAGEMENT-LAND MANAGEMENT
700 1# - ADDED ENTRY--PERSONAL NAME
Personal name Zuckerman, Michael A.
942 ## - ADDED ENTRY ELEMENTS (KOHA)
Suppress in OPAC 0
Holdings
Withdrawn status Lost status Source of classification or shelving scheme Damaged status Not for loan Home library Current library Shelving location Date acquired Total Checkouts Full call number Barcode Date last seen Copy number Price effective from Koha item type
    Dewey Decimal Classification     London London Journal article 13/12/2006   L135842 135842-1001 06/08/2019 1 06/08/2019 Journal article